Sistemas digitales : principios y aplicaciones
Enregistré dans:
| Auteur principal: | |
|---|---|
| Format: | Livre |
| Langue: | Spanish |
| Publié: |
México : Prentice Hall Hispanoamericana
c1993.
|
| Sujets: | |
| Tags: |
Ajouter un tag
Pas de tags, Soyez le premier à ajouter un tag!
|
MARC
| LEADER | 00000nam a2200000Ia 4500 | ||
|---|---|---|---|
| 003 | 000360 | ||
| 005 | 20221231144023.0 | ||
| 008 | 140114s1993 mx a 000 ||spa d | ||
| 040 | |c cru CEDI | ||
| 082 | |a 621.381.5 T631s | ||
| 100 | |a Tocci, Ronald J. |9 19137 | ||
| 245 | |a Sistemas digitales : principios y aplicaciones | ||
| 260 | |a México : Prentice Hall Hispanoamericana |c c1993. | ||
| 300 | |a xv, 823 páginas : ilustraciones | ||
| 500 | |a Traducción de: Digital systems principles and applications. | ||
| 650 | |x COMPUTADORAS ELECTRONICAS DIGITALES |x COMPUTADORAS ELECTRONICAS ANALOGICAS |9 19138 | ||
| 942 | |2 ddc |c BK | ||
| 999 | |c 15701 |d 15701 | ||
